| 000 | 01019nam a22002897a 4500 | ||
|---|---|---|---|
| 001 | 6138 | ||
| 003 | FISKH | ||
| 005 | 20260106085632.0 | ||
| 008 | 250318b cb ||||| |||| 00| 0 eng d | ||
| 020 | _a9780545500944 | ||
| 040 |
_aFISKH _beng _cFISKH _dFISKH |
||
| 050 | _a UH100 .P38 | ||
| 082 | _a355.4 | ||
| 100 | _aPatent, Dorothy Hinshaw | ||
| 245 |
_aDogs on duty : _bsoldiers best friend on the battlefield and beyond / _cBy Dorothy Hinshaw Patent |
||
| 250 | _aFirst Scholastic printing , October 2012 | ||
| 260 | _c2012 | ||
| 300 |
_a48 pages: _bcolor illustrations ; _c22*25 cm . |
||
| 505 | _aZ | ||
| 520 | _aDocuments the contributions of specially trained military dogs, profiling noteworthy canine heroes while covering such topics as how they are trained and what happens to them when they retire. | ||
| 521 | 8 |
_a1190
_bLexile NC |
|
| 521 | 8 |
_aZ
_bRaz-Plus |
|
| 650 |
_aNavy Seals _vFiction |
||
| 700 |
_aRoff, Regina _eBook designer |
||
| 942 |
_2ddc _cBK _n0 |
||
| 999 |
_c6138 _d6138 |
||